Macbeth (V, v, 17-28) - Statistics

General Stats
  • This quiz has been taken 61 times
  • The average score is 10 of 12
Answer Stats
Line Quote % Correct
20 Creeps in this petty pace from day to day
91%
17 She should have died hereafter
91%
19 Tomorrow, and tomorrow, and tomorrow
91%
22 And all our yesterdays have lighted fools
82%
24 Life's but a walking shadow, a poor player
82%
28 Signifying nothing
82%
18 There would have been a time for such a word
82%
23 The way to dusty death. Out, out, brief candle
82%
21 To the last syllable of recorded time
82%
25 That struts and frets his hour upon the stage
73%
26 And then is heard no more. It is a tale
64%
27 Told by an idiot, full of sound and fury
64%
No matching quizzes found
Score Distribution
Percent of People with Each Score
Percentile by Number Answered
Your Score History
You have not taken this quiz